A rendőrség feladata és hatásköre a szabálysértési eljárásban
Elmentve itt :
| Szerző: | |
|---|---|
| További közreműködők: | |
| Dokumentumtípus: | Szakdolgozat |
| Megjelent: |
1978
|
| Tárgyszavak: | |
| Online Access: | http://diploma.bibl.u-szeged.hu/19545 |
| LEADER | 00578nta a2200157 i 4500 | ||
|---|---|---|---|
| 001 | dipl19545 | ||
| 005 | 20130314075429.0 | ||
| 008 | 111130s1978 hu om 0|| zxx d | ||
| 040 | |a SZTE Diploma Repozitórium |b hun | ||
| 041 | |a zxx | ||
| 100 | 1 | |a Magyar Mária | |
| 245 | 1 | 2 | |a A rendőrség feladata és hatásköre a szabálysértési eljárásban |h [elektronikus dokumentum] / |c Mária Magyar |
| 260 | |c 1978 | ||
| 650 | 4 | |a Jogi és igazgatási tanulmányok | |
| 700 | 1 | |a Martonyi János |e ths | |
| 856 | 4 | 0 | |u http://diploma.bibl.u-szeged.hu/id/eprint/19545/1/1978_magyar_maria.pdf |z Dokumentum-elérés |